In quale squadra NON ha giocato? - Quiz n°13 - Statistics

Statistiche generali
  • Questo quiz è stato fatto 13 volte
  • Il punteggio medio è 4 su 6
Statistiche sulle risposte
Domanda Risposta % Corretto
Willian Aston Villa
100%
Federico Bernardeschi Cosenza
100%
Aleksandar Mitrović Genk
75%
Denis Zakaria Olympique Lione
50%
Alessandro Matri Torino
50%
Bogdan Lobonț Steaua Bucarest
25%
Nessun quiz corrispondente trovato
Distribuzione punteggi
Percentuale di utenti per punteggio
Percentile per numero di risposta
I tuoi punteggi nel tempo
Non hai fatto questo quiz